[Event "SRB-chT2 West CS"]
[Site "Serbia"]
[Date "2012.09.14"]
[Round "1.4"]
[White "Sadikovic, Samir"]
[Black "Jovanovic, Bojan P"]
[Result "0-1"]
[WhiteElo "2095"]
[BlackElo "2205"]
[PlyCount "63"]
[EventDate "2012.09.14"]
[EventType "team"]
[EventRounds "10"]
[EventCountry "SRB"]
[SourceTitle "EXT 2015"]
[Source "ChessBase"]
[SourceDate "2014.11.20"]
[SourceVersion "1"]
[SourceVersionDate "2014.11.20"]
[SourceQuality "1"]

1. e4 e6 2. d4 d5 3. Nc3 Bb4 4. Bd2 dxe4 5. Qg4 Nf6 6. Qxg7 Rg8 7. Qh6 Qxd4 8. 0-0-0 Bf8 9. Qh3 Qxf2 10. Nb5 Na6 11. Be3 Qf5 12. Qh4 Nd5 13. Kb1 Qg4 14. Qxg4 Rxg4 15. Bf2 Bd7 16. Bg3 Ne3 17. Be2 Rxg3 18. Rxd7 Rxg2 19. Rxc7 Nxc7 20. Nxc7+ Kd8 21. Nxa8 Bd6 22. Bh5 Rg5 23. Bd1 Nxd1 24. Nh3 Rd5 25. c4 Rd2 26. Kc1 Nf2 27. Re1 Nxh3 28. Rxe4 Rxh2 29. c5 Bf4+ 30. Kb1 Rh1+ 31. Kc2 Rc1+ 32. Kd3 0-1

[Event "Sarajevo Bosna op-B 42nd"]
[Site "Sarajevo"]
[Date "2012.05.06"]
[Round "3"]
[White "Sadikovic, Samir"]
[Black "Hodzic, Nihad"]
[Result "0-1"]
[WhiteElo "2101"]
[BlackElo "2263"]
[PlyCount "110"]
[EventDate "2012.05.05"]
[EventType "swiss"]
[EventRounds "9"]
[EventCountry "BIH"]
[SourceTitle "CBM 148 Extra"]
[Source "ChessBase"]
[SourceDate "2012.06.22"]
[SourceVersion "1"]
[SourceVersionDate "2012.06.22"]
[SourceQuality "1"]

1. e4 c5 2. Nf3 d6 3. d4 cxd4 4. Nxd4 Nf6 5. Nc3 a6 6. Be2 e6 7. Be3 b6 8. f4 Nbd7 9. Bf3 Bb7 10. g4 Rc8 11. g5 Rxc3 12. bxc3 Nxe4 13. Bxe4 Bxe4 14. Rg1 Be7 15. Qg4 Qc7 16. Bd2 g6 17. Rg3 Nc5 18. Re3 0-0 19. Kf2 d5 20. Rae1 Bd6 21. Rh3 f6 22. Kg1 fxg5 23. Qxg5 Bxf4 24. Bxf4 Qxf4 25. Qxf4 Rxf4 26. Rf1 Rxf1+ 27. Kxf1 Kg7 28. Ke2 h5 29. Rg3 Kf6 30. h4 e5 31. Nf3 Bxc2 32. Ng5 Bf5 33. Ke3 Na4 34. Kd2 Nb2 35. Nh7+ Kg7 36. Ng5 Kf6 37. Nh7+ Ke7 38. Rg2 Nc4+ 39. Ke1 b5 40. Rh2 a5 41. Rg2 b4 42. Rg3 bxc3 43. Rxc3 a4 44. Ng5 Bb1 45. a3 Bf5 46. Nf3 Kd6 47. Kf2 e4 48. Nd4 e3+ 49. Ke2 Kc5 50. Nxf5 gxf5 51. Rc1 Kd4 52. Rb1 f4 53. Rb4 Ke4 54. Rxa4 f3+ 55. Kd1 e2+ 0-1

[Event "Sarajevo Bosna op 41st"]
[Site "Sarajevo"]
[Date "2011.05.12"]
[Round "9"]
[White "Grubacic, Mile"]
[Black "Sadikovic, Samir"]
[Result "1-0"]
[WhiteElo "2048"]
[BlackElo "2167"]
[PlyCount "139"]
[EventDate "2011.05.03"]
[EventType "swiss"]
[EventRounds "9"]
[EventCountry "BIH"]
[SourceTitle "CBM 142 Extra"]
[Source "ChessBase"]
[SourceDate "2011.06.27"]
[SourceVersion "1"]
[SourceVersionDate "2011.06.27"]
[SourceQuality "1"]

1. e4 c5 2. Nf3 Qc7 3. d4 cxd4 4. Nxd4 a6 5. Nc3 e6 6. Be3 Bb4 7. Qd2 Nf6 8. Bd3 d5 9. exd5 Nxd5 10. Nde2 Nxe3 11. Qxe3 Nc6 12. Qg3 Qxg3 13. hxg3 h6 14. 0-0-0 Bd7 15. a3 Be7 16. Be4 0-0-0 17. Nd4 Ne5 18. f3 f5 19. Bd3 Bc5 20. Be2 Nf7 21. f4 g5 22. Bc4 Rhe8 23. Nxf5 exf5 24. Bxf7 Rf8 25. Bg6 Rf6 26. Bh5 g4 27. Nd5 Rff8 28. Bg6 Bc6 29. c4 b5 30. Rxh6 Bxd5 31. Rxd5 Rxd5 32. cxd5 Be3+ 33. Kc2 Rf6 34. Rh8+ Kc7 35. Kd3 Bc1 36. Be8 Bxb2 37. Bc6 Bxa3 38. Kc3 Bc5 39. Kd3 Bf2 40. Ra8 Kb6 41. Rb8+ Ka5 42. Bd7 Bxg3 43. Ke3 Be1 44. Kd4 Bd2 45. g3 Be1 46. Be6 b4 47. Ke5 Bc3+ 48. Kd6 Rg6 49. Ke7 Rg7+ 50. Bf7 Ka4 51. d6 b3 52. d7 Ba5 53. Kf8 Rxf7+ 54. Kxf7 Ka3 55. Ke6 b2 56. Kxf5 Ka2 57. Kxg4 Bd8 58. Kf3 a5 59. g4 Be7 60. Rxb2+ Kxb2 61. g5 a4 62. g6 a3 63. g7 a2 64. g8Q a1Q 65. Qg7+ Ka2 66. Qxa1+ Kxa1 67. Ke4 Kb2 68. Ke5 Kc3 69. Ke6 Kc4 70. Kxe7 1-0

[Event "Sarajevo Bosna op 41st"]
[Site "Sarajevo"]
[Date "2011.05.10"]
[Round "7"]
[White "Yurtseven, Melih"]
[Black "Sadikovic, Samir"]
[Result "1-0"]
[WhiteElo "2050"]
[BlackElo "2167"]
[PlyCount "113"]
[EventDate "2011.05.03"]
[EventType "swiss"]
[EventRounds "9"]
[EventCountry "BIH"]
[SourceTitle "CBM 142 Extra"]
[Source "ChessBase"]
[SourceDate "2011.06.27"]
[SourceVersion "1"]
[SourceVersionDate "2011.06.27"]
[SourceQuality "1"]

1. e4 c5 2. Nf3 Qc7 3. c4 d6 4. d4 Bg4 5. Be3 cxd4 6. Bxd4 Nc6 7. Be3 g6 8. Nc3 Bg7 9. Be2 Nf6 10. 0-0 0-0 11. Rc1 Rac8 12. a3 Rfd8 13. h3 Bxf3 14. Bxf3 Qb8 15. Nd5 Nd7 16. b4 e6 17. Nc3 Nce5 18. Nb5 Nxc4 19. Bxa7 Qa8 20. Bd4 e5 21. Ba1 Qa6 22. a4 Ncb6 23. Rxc8 Nxc8 24. Be2 Qc6 25. Nc3 Nf6 26. Bb5 Qc7 27. Qb3 Na7 28. Bc4 Rc8 29. Bd3 Nc6 30. Nb5 Qe7 31. Rd1 Rd8 32. Bb1 Bf8 33. Bc3 Nh5 34. g3 Ng7 35. Bd3 Ne6 36. Bc4 Ng5 37. Bd5 Nxh3+ 38. Kg2 Ng5 39. Na3 Qd7 40. Rh1 Qg4 41. Qd1 Qxd1 42. Rxd1 Ra8 43. a5 Ne6 44. Nc4 Ned4 45. Bxd4 exd4 46. b5 Nd8 47. Rxd4 Ne6 48. Rd1 Nc5 49. a6 Ra7 50. axb7 Nd7 51. e5 Ra4 52. Nxd6 Rb4 53. e6 Nb8 54. exf7+ Kh8 55. Bc6 Kg7 56. Ne8+ Kxf7 57. Rd8 1-0

[Event "Sarajevo Bosna op 41st"]
[Site "Sarajevo"]
[Date "2011.05.05"]
[Round "3"]
[White "Arat, Ufuk Sezen"]
[Black "Sadikovic, Samir"]
[Result "1-0"]
[WhiteElo "2053"]
[BlackElo "2167"]
[PlyCount "45"]
[EventDate "2011.05.03"]
[EventType "swiss"]
[EventRounds "9"]
[EventCountry "BIH"]
[SourceTitle "CBM 142 Extra"]
[Source "ChessBase"]
[SourceDate "2011.06.27"]
[SourceVersion "1"]
[SourceVersionDate "2011.06.27"]
[SourceQuality "1"]

1. e4 d5 2. exd5 Qxd5 3. Nc3 Qa5 4. d4 Nf6 5. Bc4 Bg4 6. f3 Bf5 7. Nge2 e5 8. Bd2 exd4 9. Nb5 Qb6 10. Nexd4 Bd7 11. Qe2+ Be7 12. 0-0-0 c5 13. Nb3 a5 14. Bf4 0-0 15. Bc7 Qa6 16. Qxe7 Bxb5 17. Rd8 Nbd7 18. Nxc5 Qc6 19. Qxf7+ Kh8 20. Ne6 Qxe6 21. Rxf8+ Rxf8 22. Qxe6 Re8 23. Qxe8+ 1-0

[Event "Sarajevo Bosna op 41st"]
[Site "Sarajevo"]
[Date "2011.05.03"]
[Round "1"]
[White "Erdos, Viktor"]
[Black "Sadikovic, Samir"]
[Result "1-0"]
[WhiteElo "2609"]
[BlackElo "2167"]
[PlyCount "69"]
[EventDate "2011.05.03"]
[EventType "swiss"]
[EventRounds "9"]
[EventCountry "BIH"]
[SourceTitle "CBM 142 Extra"]
[Source "ChessBase"]
[SourceDate "2011.06.27"]
[SourceVersion "1"]
[SourceVersionDate "2011.06.27"]
[SourceQuality "1"]

1. d4 d5 2. Nf3 Bf5 3. c4 e6 4. Nc3 Nc6 5. Bg5 Be7 6. Bxe7 Ngxe7 7. e3 0-0 8. Rc1 a6 9. a3 Ng6 10. cxd5 exd5 11. Qb3 Nce7 12. Qxb7 Rb8 13. Qxa6 Rxb2 14. Be2 c6 15. 0-0 Qd6 16. Rfe1 Rfb8 17. Qa7 R2b6 18. Na4 R8b7 19. Qa5 Qxa3 20. Ra1 Qb4 21. Nxb6 Qxb6 22. Qxb6 Rxb6 23. Ra8+ Nf8 24. Ra7 Nfg6 25. Ne5 f6 26. Nxg6 Nxg6 27. Rc7 Kf8 28. g4 Bc2 29. Ra1 Rb1+ 30. Rxb1 Bxb1 31. Rxc6 Ne7 32. Rb6 Ba2 33. Rb2 Bc4 34. Bxc4 dxc4 35. Rc2 1-0

[Event "SRB-chT2 West"]
[Site "Valjevo"]
[Date "2010.09.18"]
[Round "2"]
[White "Sadikovic, Samir"]
[Black "Zenunovic, Hafiz"]
[Result "1-0"]
[WhiteElo "2188"]
[BlackElo "2037"]
[PlyCount "61"]
[EventDate "2010.09.12"]
[EventType "team-tourn"]
[EventRounds "9"]
[EventCountry "YUG"]
[SourceTitle "EXT 2011"]
[Source "ChessBase"]
[SourceDate "2010.11.26"]
[SourceVersion "1"]
[SourceVersionDate "2010.11.26"]
[SourceQuality "1"]

1. e4 e5 2. Nf3 Nc6 3. Bb5 a6 4. Ba4 b5 5. Bb3 Bc5 6. c3 Nf6 7. d4 exd4 8. e5 Qe7 9. 0-0 Ne4 10. cxd4 Bb4 11. a3 Ba5 12. Bc2 d5 13. exd6 Nxd6 14. b4 Bb6 15. Re1 Be6 16. d5 0-0-0 17. dxe6 Bxf2+ 18. Kf1 Bxe1 19. Qxe1 fxe6 20. Bg5 Qf7 21. Bxd8 Rxd8 22. Kg1 h5 23. Bb3 Re8 24. Nbd2 Qf6 25. Rc1 Nd4 26. Qe3 N6f5 27. Qe4 g5 28. Ne5 Kd8 29. Qa8+ Ke7 30. Rxc7+ Kd6 31. Rd7+ 1-0

[Event "SRB-chT Cup"]
[Site "Sombor"]
[Date "2009.05.24"]
[Round "7"]
[White "Sadikovic, Samir"]
[Black "Benkovic, Petar"]
[Result "0-1"]
[WhiteElo "2223"]
[BlackElo "2460"]
[PlyCount "128"]
[EventDate "2009.05.19"]
[EventType "team"]
[EventRounds "7"]
[EventCountry "YUG"]
[SourceTitle "CBM 130 Extra"]
[Source "ChessBase"]
[SourceDate "2009.07.02"]
[SourceVersion "2"]
[SourceVersionDate "2009.07.15"]
[SourceQuality "1"]

1. e4 c5 2. Nf3 e6 3. d4 cxd4 4. Nxd4 a6 5. Be2 Nf6 6. Nc3 d6 7. g4 b5 8. g5 Nfd7 9. a3 Bb7 10. Rg1 Nc5 11. Bf3 Nc6 12. Be3 Ne5 13. Rg3 Nxf3+ 14. Qxf3 Qc7 15. Qg4 Rc8 16. Bd2 g6 17. h4 Bg7 18. Nb3 Nxb3 19. cxb3 Qc5 20. Rc1 Qb6 21. Be3 Qd8 22. h5 Be5 23. Rf3 Qd7 24. Rd1 gxh5 25. Qxh5 Rxc3 26. bxc3 Bxe4 27. Bf4 Qc6 28. Ke2 Bxf3+ 29. Qxf3 Qxf3+ 30. Kxf3 Bxf4 31. Kxf4 Ke7 32. Rh1 Kf8 33. Rd1 d5 34. Ra1 h6 35. a4 hxg5+ 36. Kxg5 Rh3 37. axb5 axb5 38. f4 Kg7 39. Rc1 Rg3+ 40. Kh4 Re3 41. c4 dxc4 42. bxc4 Re4 43. cxb5 Rxf4+ 44. Kg3 Rb4 45. Rc5 f5 46. Kf3 Kf6 47. Ke3 Ke7 48. Kd3 Kd6 49. Rc6+ Kd5 50. Rb6 e5 51. Kc3 Rc4+ 52. Kb3 Rc8 53. Rf6 f4 54. Kb4 Rc1 55. b6 Rb1+ 56. Kc3 Ke4 57. Kc4 f3 58. Kc5 Ke3 59. Kd5 e4 60. Re6 Rd1+ 61. Kc5 f2 62. b7 Rb1 63. Rb6 Rxb6 64. Kxb6 f1Q 0-1

[Event "BIH CFFBH-chT2"]
[Site "Neum"]
[Date "2007.08.31"]
[Round "9"]
[White "Kozarcanin, Sead"]
[Black "Sadikovic, Samir"]
[Result "1-0"]
[WhiteElo "2184"]
[BlackElo "2246"]
[PlyCount "123"]
[EventDate "2007.08.25"]
[EventType "team-tourn"]
[EventRounds "9"]
[EventCountry "BIH"]
[SourceTitle "EXT 2023"]
[Source "ChessBase"]
[SourceDate "2022.10.05"]
[SourceVersion "1"]
[SourceVersionDate "2022.10.05"]
[SourceQuality "1"]

1. Nf3 c5 2. e4 Qc7 3. d3 e6 4. Qe2 Nc6 5. c3 Nge7 6. g3 b6 7. Bg2 Bb7 8. 0-0 Ng6 9. h4 d6 10. a3 Be7 11. b4 Ba6 12. Rd1 Bf6 13. Bg5 Bxg5 14. Nxg5 h6 15. Nf3 Rd8 16. Qb2 Bc8 17. d4 e5 18. b5 Na5 19. Nbd2 Bg4 20. Re1 0-0 21. Nh2 Be6 22. h5 Ne7 23. f4 g6 24. fxe5 cxd4 25. cxd4 dxe5 26. Rac1 Qd6 27. d5 Bd7 28. Nhf3 f6 29. Qb4 Nb7 30. hxg6 Nxg6 31. Qxd6 Nxd6 32. a4 Rc8 33. Kf2 Nb7 34. Rc6 Bxc6 35. bxc6 Nc5 36. Ra1 Rfd8 37. Bh3 Rc7 38. Ke3 a6 39. Nc4 Nxa4 40. Rxa4 b5 41. Rxa6 bxc4 42. Ra4 Kf8 43. Rxc4 Ke7 44. Rc3 Nh8 45. Be6 Nf7 46. Bxf7 Kxf7 47. Nh4 Ra8 48. Nf5 Ra6 49. Nxh6+ Ke8 50. Nf5 Kd8 51. Kd3 Ke8 52. Nd6+ Kd8 53. Nb5 Rg7 54. Kc4 Rg4 55. Nd6 Kc7 56. Kc5 Ra5+ 57. Nb5+ Rxb5+ 58. Kxb5 Rxe4 59. d6+ Kc8 60. Ra3 Kb8 61. c7+ Kb7 62. Ra8 1-0